| 000 | 00590nam a22002057a 4500 | ||
|---|---|---|---|
| 003 | OSt | ||
| 005 | 20160624184529.0 | ||
| 008 | 160624b xxu||||| |||| 00| 0 eng d | ||
| 020 | _a9780521116923 | ||
| 040 | _cDNLM | ||
| 082 | _aWO665 F419r 1992 | ||
| 100 |
_aEdited by Edwards, Robert G. _99604 |
||
| 245 | _aFetal Tissue Transplants in Medicine | ||
| 260 | _aCambridge University Press, 1992 | ||
| 300 | _axii,352p;ill: 24.5cm | ||
| 504 | _aReferences, bibliography, & index included | ||
| 650 |
_aTissue Transplant _99605 |
||
| 650 |
_aMedicine Surgery _99606 |
||
| 942 |
_2z _cO_SHELF |
||
| 999 |
_c4471 _d4471 |
||